000 00671nam a22001697a 4500
999 _c61027
_d61027
005 20231208151838.0
008 231208s1987 ru ||||| |||| 00| 0 rus d
041 _arus
080 _a7.034(38) A-51
100 _aАлпатов, М.
_920630
245 _aХудожественные проблемы искусства Древней Греции /
_cМ. Алпатов.
264 _aМосква:
_bИскусство,
_c1987.
300 _a222 c.:
_bил.;
_c27 см.
653 _aძველი ბერძნული სახვითი ხელოვნება
653 _aძველი საბერძნეთი
942 _2udc
_cᲬᲘᲒᲜᲘ